LEADER 00937nam a2200217 i 4500 001 000000037639 003 CaOOAMICUS 005 20230724105117.0 008 041029s1905 it u000 u ita u 040 $aSeMil$bita 100 1 $aGhisleri, Arcangelo,$d<1855-1938>.$0(OLS)http://semarc/name/5905 245 10$aOriente e Grecia /$cProf. Arcangelo Ghisleri. 300 $a92, X p. :$briccamente ill. 650 4$aGrecia antica - Atlanti storici.$0(OLS)http://semarc/subject/2036 650 4$aOriente - Atlanti storici.$0(OLS)http://semarc/subject/2035 773 0 $aGhisleri, Arcangelo <1855-1938>$tTesto-atlante del Mondo Antico.$dBergamo : Istituto Italiano d'Arti Grafiche, 1905.$g1$w()12363 850 $aSeMil 852 $aSeMil$W1$xVenegono$y1$m4Y VI 49/1$j3794$B3794$CSeMilBibl$Z2$F3794 $81 961 $aOmaggio: Deposito 996 $6245$aOriente e Grecia$9(OLS)http://semarc/title/52789 LEADER 01073nam a2200265 i 4500 001 000000090895 003 CaOOAMICUS 005 20050113000000.0 008 050113s2004 it u000 u ita u 013 $a63137 020 $a88-4232-513-7 040 $aSeMil$bita 100 1 $aCajani, Franco,$d<1943- >.$0(OLS)http://semarc/name/7141 245 13$aIl mondo & la storia :$bpoesie, 1964-2004 /$cFranco Cajani ; a cura di Vincenzo Guarracino. 260 $aCastel Maggiore (Bo) :$bBook,$c2004. 300 $a279 p. ;$c21 cm. 490 0 $aTabula 700 1 $aGuarracino, Vincenzo,$d<1948- >.$0(OLS)http://semarc/name/7021 830 0$aTabula.$0(OLS)http://semarc/title/11989 850 $aSeMil 852 $aSeMil$W1$xVenegono$y1$m1B V 5$j53861$B53861$CSeMilBibl$Z2$F58496 $81 961 $aOmaggio: Colombo mons. Giuseppe 996 $6020$a88-4232-513-7$9(OLS)http://semarc/number/70962 996 $6245$aIl mondo & la storia :$bpoesie, 1964-2004$9(OLS)http://semarc/title/136926 996 $6260$aCastel Maggiore (Bo) :$bBook$9(OLS)http://semarc/publisher/32462